00238nam a2200085Ia 4500001000800000005001700008008004100025245006600066260002000132125329820251031150951.0251031s9999 xx 000 0 und d 0cŞEBNEM GÜLER KARACANaV-5 EN GÜZEL MESLEK EMEKLİLİK bERDEM YAYINLARI